| 000 | 01207nam a2200373 i 4500 | ||
|---|---|---|---|
| 001 | 6854 | ||
| 003 | KOSZ 005 | ||
| 005 | 20220518092953.0 | ||
| 008 | 000405s1978 pl a f |001 0 pol | ||
| 015 | _aPB 1979/1050 | ||
| 035 | _a(OCoLC)69304799 | ||
| 040 |
_aWA N _cWA N _dKOSZ 005/HR |
||
| 041 | 0 | _apol | |
| 046 | _k1978 | ||
| 080 | _a159.923 | ||
| 080 | _a159.922 | ||
| 100 | 1 |
_aStrelau, Jan _d(1931-2020) _eAutor |
|
| 245 | 1 | 0 |
_aRola temperamentu w rozwoju psychicznym / _cJan Strelau. |
| 260 |
_aWarszawa : _bWydawnictwa Szkolne i Pedagogiczne, _c1978. |
||
| 300 |
_a238, [2] s. : _bil., tab., wykr. ; _c20 cm. |
||
| 380 | _aKsiążki | ||
| 388 | _a1901-2000 | ||
| 388 | _a1945-1989 | ||
| 490 | 1 |
_aBiblioteka Psychologiczna ; _v11. |
|
| 504 | _aBibliogr. s. 231-232. - Indeks. | ||
| 650 | 4 | _aPsychologia młodzieży | |
| 650 | 4 | _aTemperament | |
| 650 | 4 | _aPsychologia rozwojowa | |
| 658 | _aPsychologia | ||
| 710 | 2 |
_aWydawnictwa Szkolne i Pedagogiczne _4pbl. |
|
| 830 | 0 |
_aBiblioteka Psychologiczna _v11 |
|
| 856 |
_uhttp://koha.tu.koszalin.pl/cgi-bin/koha/opac-detail.pl?biblionumber=6854 _yKatalog online BPK |
||
| 942 |
_2UKD _cKS |
||
| 999 |
_c6854 _d6854 |
||